| 000 | 00463nam a2200157 4500 | ||
|---|---|---|---|
| 001 | 110054 | ||
| 003 | ES-MaACL | ||
| 005 | 20230906184952.0 | ||
| 007 | t| | ||
| 008 | 061121s1977 sp r ||||1| spa d | ||
| 110 | 2 |
_aOrganización Panamericana de la Salud. _96072 |
|
| 245 | 1 | 0 |
_aMitos, ritos y delitos en el país del silencio / _cOPS. |
| 260 |
_aMadrid : _bFundamentos, _c1973. |
||
| 300 |
_a10 h. 90 lám. ; _c27 cm. |
||
| 852 |
_aES-MaACL _jC-55050 _bR.87809 |
||
| 999 |
_c110054 _d110054 |
||